[Event "European Blitz 2022"]
[Site "Katowice POL"]
[Date "2022.12.16"]
[Round "6.60"]
[White "Zvirblis, Andrius"]
[Black "Mitusov, Semen"]
[Result "0-1"]
[BlackTitle "IM"]
[WhiteElo "1927"]
[BlackElo "2397"]
[WhiteFideId "12821551"]
[BlackFideId "14151049"]
[EventDate "2022.12.16"]

1. d4 d5 2. c4 e6 3. Nc3 Nf6 4. cxd5 exd5 5. Bg5 Be7 6. Qc2 c6 7. e3 Nbd7 8. Bd3
h6 9. Bh4 Nb6 10. Nf3 Be6 11. O-O Nbd7 12. Ne5 Nxe5 13. dxe5 Nd7 14. Bxe7 Qxe7
15. f4 Nc5 16. f5 Bc8 17. f6 Qxe5 18. Nxd5 cxd5 19. Qxc5 gxf6 20. Bb5+ Bd7 21.
Rad1 Bxb5 22. Qxb5+ Kf8 23. Qc5+ Qe7 24. Qxd5 Rg8 25. Qf3 Rg6 26. Rd4 Re8 27.
Rd3 b6 28. Rfd1 Kg7 29. Kh1 Qe5 30. b3 Re7 31. h3 Rg3 32. Qf2 Rxe3 33. Rxe3 Qxe3
34. Qf5 Qg3 35. Rf1 Re6 36. Qf3 Qxf3 37. Rxf3 Re2 38. a4 a5 39. Rc3 Rb2 40. Kh2
Kg6 41. Kg3 Kf5 42. Kf3 Ke5 43. Rd3 f5 44. g3 h5 45. Ke3 Rh2 46. h4 Rb2 47. Kf3
Rb1 48. Ke3 Re1+ 49. Kf3 Re4 50. Rd7 Rb4 51. Rd3 f4 52. g4 hxg4+ 53. Kxg4 Ke4
54. Rd7 f5+ 55. Kg5 f3 56. h5 f2 57. Rd1 Rxb3 58. h6 Rh3 59. Kg6 Ke3 60. h7 Ke2
61. Rc1 f1=Q 62. Rxf1 Kxf1 0-1

[Event "European Blitz 2022"]
[Site "Katowice POL"]
[Date "2022.12.16"]
[Round "6.61"]
[White "Dobrovoljc, Vid"]
[Black "Zhuk, Ivan"]
[Result "1-0"]
[WhiteTitle "FM"]
[WhiteElo "2384"]
[BlackElo "2035"]
[WhiteFideId "14609843"]
[BlackFideId "13508342"]
[EventDate "2022.12.16"]

1. Nf3 Nf6 2. g3 g6 3. Bg2 Bg7 4. O-O O-O 5. Nc3 d6 6. d4 c6 7. a4 Bd7 8. a5 Qc8
9. Re1 d5 10. e4 dxe4 11. Nxe4 Bf5 12. Nc5 Na6 13. Nxa6 bxa6 14. Ne5 Nd5 15. Bd2
Rb8 16. c4 Bxe5 17. Rxe5 Nb4 18. Bc3 Nd3 19. Re2 Rd8 20. g4 Bxg4 21. Qxd3 Bxe2
22. Qxe2 Qd7 23. d5 cxd5 24. cxd5 Re8 25. Re1 Qf5 26. Qxa6 Rbc8 27. Qxa7 Rc4 28.
Qe3 Rg4 29. Qe5 Qxe5 30. Rxe5 Ra4 31. h3 Ra1+ 32. Kh2 Ra4 33. Re4 Ra2 34. d6 1-0

[Event "European Blitz 2022"]
[Site "Katowice POL"]
[Date "2022.12.16"]
[Round "6.62"]
[White "Oleksiyenko, Mykhaylo"]
[Black "Hesse, Henrik"]
[Result "1-0"]
[WhiteTitle "GM"]
[WhiteElo "2594"]
[BlackElo "2160"]
[WhiteFideId "4152417"]
[BlackFideId "12952060"]
[EventDate "2022.12.16"]

1. e4 c5 2. Nf3 e6 3. d4 cxd4 4. Nxd4 Nc6 5. Nc3 Qc7 6. Be2 Nf6 7. Be3 Be7 8. f4
d6 9. Qd2 O-O 10. O-O-O a6 11. g4 Nxd4 12. Qxd4 e5 13. Qd3 Bxg4 14. Bxg4 Nxg4
15. Nd5 Qd8 16. Bb6 Qd7 17. Qh3 h5 18. Qxh5 Nf6 19. Qf5 Qe8 20. Rhg1 Nh7 21.
fxe5 dxe5 22. Qxe5 Bg5+ 23. Rxg5 Nxg5 24. Ne7+ Kh7 25. Qxg5 f6 26. Qh4+ 1-0

[Event "European Blitz 2022"]
[Site "Katowice POL"]
[Date "2022.12.16"]
[Round "6.63"]
[White "Kosakowski, Jakub"]
[Black "Trushko, Andrii"]
[Result "1-0"]
[WhiteTitle "IM"]
[WhiteElo "2475"]
[BlackElo "2006"]
[WhiteFideId "1185080"]
[BlackFideId "14172887"]
[EventDate "2022.12.16"]

1. e4 c6 2. d4 d5 3. e5 c5 4. Nf3 cxd4 5. Nxd4 Nc6 6. Nxc6 bxc6 7. Bd3 e6 8. O-O
a5 9. Nd2 Qc7 10. Re1 Bc5 11. c4 Ba6 12. Nb3 Bb4 13. Nd2 dxc4 14. Bf1 c3 15.
bxc3 Bxc3 16. Rb1 Bxf1 17. Rxf1 Bxe5 18. Nc4 Ne7 19. f4 Bf6 20. Rb7 Qd8 21. Nd6+
Kf8 22. Ba3 Kg8 23. Qb3 c5 24. Bxc5 Bd4+ 25. Bxd4 Qxd6 26. Be5 Qc5+ 27. Kh1 Ng6
28. Bb2 a4 29. Qf3 Qd5 30. Qxd5 exd5 31. f5 Nf8 32. Re1 h5 33. Ree7 Rh7 34. Rxf7
d4 35. Bxd4 Nd7 36. Rfxd7 Re8 37. h3 1-0

[Event "European Blitz 2022"]
[Site "Katowice POL"]
[Date "2022.12.16"]
[Round "6.64"]
[White "Hjartarson, Johann"]
[Black "Chyzy, Jakub"]
[Result "1-0"]
[WhiteTitle "GM"]
[BlackTitle "FM"]
[WhiteElo "2476"]
[BlackElo "2247"]
[WhiteFideId "2300044"]
[BlackFideId "21806209"]
[EventDate "2022.12.16"]

1. d4 Nf6 2. c4 d6 3. Nc3 Nbd7 4. Nf3 e5 5. e4 Be7 6. Be2 O-O 7. O-O c6 8. Re1
a6 9. a4 exd4 10. Nxd4 Nc5 11. Bf1 a5 12. h3 Nfd7 13. Be3 Nb8 14. Qc2 Nba6 15.
Rad1 Nb4 16. Qb1 Qc7 17. g3 Bf6 18. f4 g6 19. Bf2 Bg7 20. Nf3 Be6 21. f5 Bd7 22.
g4 Rad8 23. e5 b6 24. exd6 Qb8 25. Bh4 f6 26. Re7 gxf5 27. gxf5 Qc8 28. Nd4 Kh8
29. Kh1 Rde8 30. Rde1 Rxe7 31. dxe7 Rg8 32. Qd1 Qe8 33. Qf3 Qf7 34. b3 Re8 35.
Qe3 Bc8 36. Bg2 Bd7 37. Bg3 Ncd3 38. Rf1 Qxe7 39. Qxe7 Rxe7 40. Ne4 c5 41. Nb5
Bxb5 42. axb5 Ne5 43. Nd6 Rd7 44. Bxe5 fxe5 45. Ne4 Rd3 46. f6 Bf8 47. Rg1 Rxb3
48. Ng5 h6 49. Nf7+ Kg8 50. Bd5+ Kh7 51. Be4# 1-0

[Event "European Blitz 2022"]
[Site "Katowice POL"]
[Date "2022.12.16"]
[Round "6.65"]
[White "Suder, Jakub"]
[Black "Tregubov, Pavel V."]
[Result "0-1"]
[WhiteTitle "FM"]
[BlackTitle "GM"]
[WhiteElo "2244"]
[BlackElo "2553"]
[WhiteFideId "1195310"]
[BlackFideId "4115341"]
[EventDate "2022.12.16"]

1. d4 Nf6 2. c4 e6 3. Nc3 Bb4 4. f3 c5 5. d5 O-O 6. e4 d6 7. Bd3 Nbd7 8. Ne2 Ne5
9. O-O a6 10. f4 Nxd3 11. Qxd3 b5 12. a3 Ba5 13. Be3 bxc4 14. Qxc4 Rb8 15. Rab1
Re8 16. dxe6 Bxe6 17. Qxa6 Bb3 18. Qd3 Ng4 19. Bd2 Qh4 20. h3 c4 21. Qg3 Bb6+
22. Kh1 Qxg3 23. Nxg3 Nf2+ 24. Kh2 Bc2 25. Rbc1 Bd3 26. Rfe1 Bd4 27. Nf5 Bc5 28.
Be3 Rxb2 29. Bxc5 dxc5 30. Nd6 Ra8 31. e5 Rxa3 32. Ra1 Rbb3 33. Rxa3 Rxa3 34.
Ncb5 Rb3 35. Ra1 h5 36. Ra8+ Kh7 37. Nxf7 Rxb5 38. Ng5+ Kg6 39. Rf8 c3 40. e6
Rb7 41. Rc8 c4 42. Rc6 Kf6 43. Nh7+ Ke7 44. Ng5 c2 0-1

[Event "European Blitz 2022"]
[Site "Katowice POL"]
[Date "2022.12.16"]
[Round "6.66"]
[White "Peyrer, Konstantin"]
[Black "Budrewicz, Krzysztof"]
[Result "1-0"]
[WhiteTitle "FM"]
[WhiteElo "2380"]
[BlackElo "2184"]
[WhiteFideId "1640879"]
[BlackFideId "1127950"]
[EventDate "2022.12.16"]

1. d4 Nf6 2. c4 g6 3. Nc3 Bg7 4. e4 d6 5. h3 O-O 6. g4 c5 7. d5 e6 8. Bg2 exd5
9. cxd5 Re8 10. Nge2 b5 11. g5 Nh5 12. Nxb5 Ba6 13. a4 Bxb5 14. axb5 Nd7 15. O-O
f6 16. Ra6 Nb6 17. gxf6 Nxf6 18. Ng3 Qd7 19. f4 Qxb5 20. Ra3 a5 21. h4 c4 22. h5
Nbd7 23. hxg6 hxg6 24. Re3 Qc5 25. Kh2 Kf7 26. Bh3 Rh8 27. e5 Nxd5 28. Qg4 Nf8
29. Re2 Qd4 30. Ne4 dxe5 31. f5 Ra6 32. fxg6+ Kg8 33. Qf5 Nf6 34. Ng5 Qd7 35.
Qf3 Qd3 36. Re3 Qxg6 37. Rg1 Qh5 38. Qf5 Rh6 39. Reg3 Qg6 40. Qc8 Rd6 41. Nf3
Qc2+ 42. R3g2 Qh7 43. Rxg7+ Qxg7 44. Rxg7+ Kxg7 45. Bxh6+ 1-0

[Event "European Blitz 2022"]
[Site "Katowice POL"]
[Date "2022.12.16"]
[Round "6.67"]
[White "Bochnicka, Vladimir ml."]
[Black "Horvath, Dominik"]
[Result "0-1"]
[WhiteTitle "FM"]
[BlackTitle "IM"]
[WhiteElo "2367"]
[BlackElo "2502"]
[WhiteFideId "14943450"]
[BlackFideId "1642561"]
[EventDate "2022.12.16"]

1. e4 e5 2. Nf3 Nc6 3. Bc4 Nf6 4. d3 Bc5 5. c3 d6 6. Nbd2 a6 7. Bb3 Ba7 8. Nf1
Be6 9. Ng3 Qd7 10. O-O h6 11. Bc2 d5 12. Qe2 O-O-O 13. b4 d4 14. c4 Nxb4 15.
Nxe5 Qd6 16. f4 Nxc2 17. Qxc2 h5 18. Nf3 h4 19. Ne2 Nxe4 20. Bb2 Nc3 21. Bxc3
dxc3+ 22. d4 Bxc4 23. Rfd1 h3 24. Nxc3 hxg2 25. Ne4 Qxf4 26. Qxc4 Qxf3 27. Rac1
Bb6 28. Nc5 Rxh2 0-1

[Event "European Blitz 2022"]
[Site "Katowice POL"]
[Date "2022.12.16"]
[Round "6.68"]
[White "Klenburg, Michael"]
[Black "Buchicchio, Giampaolo"]
[Result "1-0"]
[WhiteTitle "IM"]
[BlackTitle "FM"]
[WhiteElo "2347"]
[BlackElo "2259"]
[WhiteFideId "14102072"]
[BlackFideId "811491"]
[EventDate "2022.12.16"]

1. g3 d5 2. Bg2 c6 3. d3 Nf6 4. Nd2 Bf5 5. e4 dxe4 6. dxe4 Bg6 7. f4 e6 8. h3 h5
9. Qe2 Nbd7 10. Ngf3 Qb6 11. Nc4 Qa6 12. Ng5 O-O-O 13. O-O Bc5+ 14. Kh1 Kb8 15.
f5 exf5 16. exf5 Rhe8 17. Qf3 Qxc4 18. fxg6 Ne5 19. Bf4 fxg6 20. Rfe1 Bd6 21.
Qb3 Kc7 22. Bxe5 Qxb3 23. Bxd6+ Rxd6 24. axb3 Rd2 1-0

[Event "European Blitz 2022"]
[Site "Katowice POL"]
[Date "2022.12.16"]
[Round "6.69"]
[White "Raczek, Krzysztof"]
[Black "Batsiashvili, Nino"]
[Result "1-0"]
[BlackTitle "GM"]
[WhiteElo "2161"]
[BlackElo "2493"]
[WhiteFideId "21005303"]
[BlackFideId "13602993"]
[EventDate "2022.12.16"]

1. c4 Nf6 2. Nc3 e5 3. g3 c6 4. Nf3 Bd6 5. Bg2 O-O 6. O-O Re8 7. d4 exd4 8. Nxd4
Bc7 9. b3 a5 10. Bb2 d6 11. Rc1 Na6 12. Qc2 Qe7 13. e3 Nc5 14. Rfd1 Bg4 15. Re1
Rad8 16. h3 Bc8 17. a3 h5 18. b4 axb4 19. axb4 Nce4 20. Rcd1 h4 21. g4 d5 22.
cxd5 cxd5 23. Ndb5 Bb8 24. Nxe4 Nxe4 25. Nc3 Qc7 26. f4 Qc4 27. Rd4 Qc6 28. Qd3
Nxc3 29. Bxc3 Ba7 30. Rxd5 Rxd5 31. Bxd5 Qd7 32. Qg6 Kf8 33. Bxg7+ Ke7 34. Qf6# 1-0

[Event "European Blitz 2022"]
[Site "Katowice POL"]
[Date "2022.12.16"]
[Round "6.70"]
[White "Kastelik, Adrian"]
[Black "Cramling, Pia"]
[Result "0-1"]
[BlackTitle "GM"]
[WhiteElo "2091"]
[BlackElo "2463"]
[WhiteFideId "1134701"]
[BlackFideId "1700030"]
[EventDate "2022.12.16"]

1. e4 c5 2. c3 Nf6 3. e5 Nd5 4. d4 cxd4 5. cxd4 g6 6. Nf3 Bg7 7. Bc4 Nb6 8. Bb3
d6 9. O-O Nc6 10. Re1 O-O 11. Nc3 Bg4 12. exd6 Qxd6 13. Be3 Rad8 14. Nb5 Qb8 15.
h3 Bxf3 16. Qxf3 a6 17. Nc3 Bxd4 18. Bh6 Bg7 19. Bxg7 Kxg7 20. Ne4 Qe5 21. Nc3
Qf5 22. Qe3 Nc8 23. Bd5 N8a7 24. Be4 Qe5 25. Qc1 Qc5 26. Bf3 e6 27. Qf4 Qd4 28.
Qg5 Qf6 29. Qc5 Qd4 30. Qa3 Qb4 31. Qxb4 Nxb4 32. Bxb7 Nc2 33. Bxa6 Nxa1 34.
Rxa1 Rd2 35. b4 Rb8 36. b5 Rb2 37. a4 f5 38. Nd1 Rb4 39. Ne3 Kf6 40. g3 Rd8 41.
Nc2 Rb2 42. Na3 Rd4 43. a5 Ra4 44. b6 Rxa5 45. bxa7 Rxa6 46. Nc2 Rxa1+ 47. Nxa1
Rb1+ 48. Kg2 Rxa1 0-1

[Event "European Blitz 2022"]
[Site "Katowice POL"]
[Date "2022.12.16"]
[Round "6.71"]
[White "Koscielski, Janusz"]
[Black "Haydon, David L"]
[Result "0-1"]
[WhiteTitle "FM"]
[BlackTitle "FM"]
[WhiteElo "2260"]
[BlackElo "2289"]
[WhiteFideId "4614437"]
[BlackFideId "415405"]
[EventDate "2022.12.16"]

1. e4 c6 2. d4 d5 3. Nc3 dxe4 4. Nxe4 Bf5 5. Ng3 Bg6 6. c3 e6 7. Nh3 Bd6 8. Nf4
Qc7 9. Qf3 Nf6 10. h4 Bf5 11. Nxf5 exf5 12. Bd3 g6 13. h5 Rg8 14. hxg6 hxg6 15.
Bd2 Nbd7 16. Qe2+ Kd8 17. O-O-O Bxf4 18. Bc4 Re8 19. Qf3 Bxd2+ 20. Rxd2 Nb6 21.
Bb3 Ne4 22. Rdd1 a5 23. Rh7 Ng5 0-1

[Event "European Blitz 2022"]
[Site "Katowice POL"]
[Date "2022.12.16"]
[Round "6.72"]
[White "Kacprzak, Kacper"]
[Black "Dubnevych, Maksym"]
[Result "1/2-1/2"]
[WhiteElo "2289"]
[BlackElo "2139"]
[WhiteFideId "21819319"]
[BlackFideId "14184001"]
[EventDate "2022.12.16"]

1. e4 c5 2. Nf3 Nc6 3. d4 cxd4 4. Nxd4 Nf6 5. Nc3 e5 6. Ndb5 d6 7. Bg5 a6 8. Na3
b5 9. Bxf6 gxf6 10. Nd5 Bg7 11. Bd3 O-O 12. O-O Be6 13. c4 bxc4 14. Nxc4 f5 15.
Nde3 f4 16. Nd5 Ne7 17. Nxe7+ Qxe7 18. f3 Rac8 19. Rc1 Qa7+ 20. Kh1 Qd4 21. Be2
Qxd1 22. Rfxd1 Rfd8 23. b3 d5 24. exd5 Bxd5 25. Nb6 Rxc1 26. Rxc1 Be6 27. Rd1
Rb8 28. Na4 Rc8 29. Bxa6 Rc2 30. Bd3 Rxa2 31. Nc5 Bc8 32. h3 Bf8 33. Ne4 Kg7 34.
Bc4 Be7 35. Nd6 Bxd6 36. Rxd6 Rb2 37. Kg1 Bf5 38. Rd5 Kf6 39. Rd6+ Kg7 40. Rd5
Kf6 41. Rd6+ Kg7 1/2-1/2

[Event "European Blitz 2022"]
[Site "Katowice POL"]
[Date "2022.12.16"]
[Round "6.73"]
[White "Adamczewski, Jedrzej"]
[Black "Bartel, Michal"]
[Result "1/2-1/2"]
[BlackTitle "FM"]
[WhiteElo "1938"]
[BlackElo "2250"]
[WhiteFideId "1135414"]
[BlackFideId "1119257"]
[EventDate "2022.12.16"]

1. e4 e5 2. Bc4 Nf6 3. d4 Nc6 4. Nf3 exd4 5. e5 d5 6. Bb5 Ne4 7. Nxd4 Bd7 8.
Bxc6 bxc6 9. O-O Be7 10. Nd2 Nxd2 11. Bxd2 c5 12. Nb3 O-O 13. Qh5 Rb8 14. Rab1
Qc8 15. Bg5 Bxg5 16. Qxg5 c4 17. Nd4 c5 18. Nf3 Bf5 19. Qd2 d4 20. Rfe1 Re8 21.
Nh4 Be6 22. b3 Qa6 23. a4 cxb3 24. cxb3 Rxb3 25. Ra1 Qd3 26. Qa5 c4 27. Qxa7 Rb2
28. Red1 Rd2 29. Rxd2 Qxd2 30. Nf3 Qb2 31. Qxd4 c3 32. Qd1 c2 33. Qe1 Rd8 34.
Kf1 Qxa1 35. Qxa1 Rd1+ 1/2-1/2

[Event "European Blitz 2022"]
[Site "Katowice POL"]
[Date "2022.12.16"]
[Round "6.74"]
[White "Kondys, Piotr"]
[Black "Haug, Havard"]
[Result "1-0"]
[WhiteElo "1905"]
[BlackElo "2044"]
[WhiteFideId "21885575"]
[BlackFideId "1547887"]
[EventDate "2022.12.16"]

1. e4 c6 2. d4 d5 3. exd5 cxd5 4. Bd3 Nc6 5. c3 Nf6 6. Bf4 g6 7. Nf3 Bf5 8. Ne5
Bg7 9. O-O Bxd3 10. Nxd3 O-O 11. h3 Rc8 12. Nd2 e6 13. Re1 b6 14. Qa4 Qd7 15.
Qd1 Rfe8 16. a4 Na5 17. Ne5 Qb7 18. Qe2 Nc6 19. Nd3 Nd7 20. Nf3 Na5 21. h4 f6
22. g3 e5 23. dxe5 fxe5 24. Ndxe5 Nxe5 25. Nxe5 Nc4 26. Qg4 Nxe5 27. Bxe5 Bxe5
28. h5 Qf7 29. Rxe5 Rxe5 30. Qxc8+ Kg7 31. hxg6 hxg6 32. Qg4 Re4 33. Qg5 Re2 34.
Rf1 Rxb2 35. Qe5+ Kg8 36. Qb8+ Kg7 37. Qe5+ Qf6 38. Qxd5 Re2 39. Kg2 Re7 40. c4
Qe5 41. Rd1 Qe4+ 42. Kg1 Qxd5 43. cxd5 Kf6 44. Kg2 Rd7 45. f4 Ke7 46. Kf3 a6 47.
Ke4 Kd6 48. Kd4 b5 49. axb5 axb5 50. Re1 Rg7 51. Re6+ Kd7 52. Rb6 Kc7 53. Rxb5
g5 54. f5 Rh7 55. Rc5+ Kd7 56. Ra5 Rh3 57. Ra3 Rh1 58. Ke5 g4 59. Ra7+ Kc8 60.
Rg7 Re1+ 61. Kd6 Rf1 62. Ke6 Re1+ 63. Kf6 Rd1 64. Rxg4 Rxd5 65. Re4 Kd8 66. g4
Rd6+ 67. Re6 Rd3 68. g5 Rg3 69. g6 Kd7 70. Re1 Kd6 71. Rd1+ Kc5 72. g7 Kc4 73.
Kf7 Kc3 74. g8=Q 1-0

[Event "European Blitz 2022"]
[Site "Katowice POL"]
[Date "2022.12.16"]
[Round "6.75"]
[White "Adams, Michael"]
[Black "Wikar, Martyna"]
[Result "0-1"]
[WhiteTitle "GM"]
[BlackTitle "WFM"]
[WhiteElo "2688"]
[BlackElo "2185"]
[WhiteFideId "400041"]
[BlackFideId "21807663"]
[EventDate "2022.12.16"]

1. e4 c5 2. Nc3 Nc6 3. Bb5 g6 4. Bxc6 bxc6 5. f4 Bg7 6. Nf3 d5 7. e5 Bg4 8. h3
Bxf3 9. Qxf3 e6 10. Na4 Bf8 11. b3 Qa5 12. Ba3 c4 13. Bxf8 Kxf8 14. Qf2 Ne7 15.
O-O Nf5 16. Nc5 Kg7 17. d3 cxd3 18. cxd3 h5 19. Rac1 Rac8 20. Rc2 Rhd8 21. Rfc1
Qb5 22. g4 hxg4 23. hxg4 Nh6 24. Qh4 Rh8 25. Qf6+ Kg8 26. Nxe6 fxe6 27. Qxg6+
Kf8 28. Qf6+ Nf7 29. g5 Qxd3 30. g6 Qg3+ 31. Rg2 Qe3+ 32. Rf2 Qg3+ 0-1

[Event "European Blitz 2022"]
[Site "Katowice POL"]
[Date "2022.12.16"]
[Round "6.76"]
[White "Grandelius, Nils"]
[Black "Urh, Zala"]
[Result "1-0"]
[WhiteTitle "GM"]
[BlackTitle "WIM"]
[WhiteElo "2660"]
[BlackElo "2282"]
[WhiteFideId "1710400"]
[BlackFideId "14611481"]
[EventDate "2022.12.16"]

1. e4 c5 2. Nf3 Nc6 3. Bb5 g6 4. c3 Bg7 5. d4 cxd4 6. cxd4 Nf6 7. e5 Nd5 8. O-O
O-O 9. Qb3 Nc7 10. Bxc6 dxc6 11. h3 Rb8 12. Be3 Be6 13. Qa4 a6 14. Nbd2 h6 15.
Rfe1 Nd5 16. a3 Bd7 17. Qc4 Be6 18. Qc1 Bf5 19. Nb3 Qc8 20. Kh2 Kh7 21. Bd2 f6
22. Nc5 fxe5 23. Nxe5 Qc7 24. Kg1 a5 25. Bc3 Qd6 26. Qd2 b6 27. Ne4 Qd8 28. Ng3
e6 29. Nxc6 Qh4 30. Nxb8 Rxb8 31. Nxf5 exf5 32. Qd3 f4 33. Qf3 Nf6 34. d5 h5 35.
Be5 Rd8 36. Qxf4 Qxf4 37. Bxf4 Nxd5 38. Rad1 Bxb2 39. a4 Rd7 40. Rd3 Nf6 41.
Rxd7+ 1-0

[Event "European Blitz 2022"]
[Site "Katowice POL"]
[Date "2022.12.16"]
[Round "6.77"]
[White "Mastrovasilis, Dimitrios"]
[Black "Quilter, Thomas A"]
[Result "1-0"]
[WhiteTitle "GM"]
[BlackTitle "CM"]
[WhiteElo "2605"]
[BlackElo "2162"]
[WhiteFideId "4202694"]
[BlackFideId "408530"]
[EventDate "2022.12.16"]

1. e4 e5 2. Nf3 Nc6 3. d4 exd4 4. c3 d3 5. Bxd3 Nf6 6. e5 Qe7 7. O-O Ng4 8. Bf4
b6 9. h3 Nh6 10. c4 Bb7 11. Nc3 O-O-O 12. Bg5 f6 13. Nd5 Qf7 14. exf6 Bd6 15.
Qd2 Rhg8 16. Rae1 Rdf8 17. Bxh7 gxf6 18. Bxg8 Nxg8 19. Bf4 Ne5 20. Nxe5 fxe5 21.
Bxe5 Bc5 22. Kh2 Qh7 23. b4 Be7 24. Bg3 Bh4 25. Re3 Bg5 26. f4 Bh4 27. Rfe1
Bxg3+ 28. Rxg3 Nh6 29. Qe2 Nf5 30. Qe8+ 1-0

[Event "European Blitz 2022"]
[Site "Katowice POL"]
[Date "2022.12.16"]
[Round "6.78"]
[White "Kosteniuk, Alexandra"]
[Black "Dzierzak, Radoslaw"]
[Result "1/2-1/2"]
[WhiteTitle "GM"]
[BlackTitle "FM"]
[WhiteElo "2520"]
[BlackElo "2211"]
[WhiteFideId "4128125"]
[BlackFideId "1161407"]
[EventDate "2022.12.16"]

1. e4 c6 2. Nc3 d5 3. Nf3 Bg4 4. h3 Bxf3 5. Qxf3 e6 6. g3 Nd7 7. Bg2 g6 8. d4
Bg7 9. e5 Ne7 10. Ne2 c5 11. c3 O-O 12. O-O Nc6 13. h4 f6 14. exf6 Nxf6 15. Qe3
cxd4 16. Qxe6+ Kh8 17. Nxd4 Nxd4 18. cxd4 Re8 19. Qh3 Ne4 20. h5 gxh5 21. Be3 h4
22. Qxh4 Qxh4 23. gxh4 Bf6 24. h5 Rg8 25. Kh2 Rg4 26. Rh1 Rag8 27. Bh3 Rh4 28.
Rag1 Ng5 29. Rg3 Be7 30. Rhg1 Bd6 31. f4 Rxh3+ 32. Rxh3 Nxh3 33. Rxg8+ Kxg8 34.
Kxh3 Kf7 35. Kg4 Kf6 36. f5 Bh2 37. Bg5+ Kf7 38. Bf4 Bg1 39. Be5 Be3 40. Kf3 Bc1
41. b3 b5 42. a4 a6 43. Ke2 Bg5 44. Kd3 Bc1 45. Kc3 Ba3 46. axb5 axb5 47. Kd3
Bc1 48. Ke2 Bg5 49. Kf3 Bc1 50. Bf4 Bb2 51. Be3 Kf6 52. Kg4 Bc3 53. Bg5+ Kf7 54.
Be3 Kf6 55. Bf2 Bb2 56. h6 Bc1 57. Bh4+ Kf7 58. f6 Bxh6 59. Kf5 Be3 60. Ke5 h6
61. Kxd5 Bg5 62. Bg3 Bxf6 63. Kc5 h5 64. d5 h4 65. Bh2 Ke7 66. Kxb5 Kd7 67. Kc5
Bg5 68. Kd4 Be7 69. Ke4 Bd6 70. Bxd6 Kxd6 71. b4 h3 72. Kf3 Kxd5 1/2-1/2

[Event "European Blitz 2022"]
[Site "Katowice POL"]
[Date "2022.12.16"]
[Round "6.79"]
[White "Krzywda, Andrzej"]
[Black "Sahidi, Samir"]
[Result "0-1"]
[WhiteTitle "CM"]
[BlackTitle "IM"]
[WhiteElo "2262"]
[BlackElo "2494"]
[WhiteFideId "1114565"]
[BlackFideId "14936372"]
[EventDate "2022.12.16"]

1. d4 Nf6 2. c4 e6 3. Nf3 d5 4. Nc3 Be7 5. Bf4 dxc4 6. e3 Nd5 7. Bxc4 Nxf4 8.
exf4 O-O 9. O-O Nd7 10. Qe2 Nf6 11. Rad1 c6 12. Ne5 Qc7 13. g3 b5 14. Bb3 Bb7
15. Rfe1 Bb4 16. Nd3 Bxc3 17. bxc3 Nd7 18. Ne5 Rad8 19. a4 a6 20. h4 h6 21. Qg4
Nxe5 22. Rxe5 bxa4 23. Bxa4 Rd5 24. Bb3 Rxe5 25. dxe5 c5 26. Rd6 Rd8 27. Qd1 Rb8
28. Ba4 Bd5 29. c4 Bxc4 30. Rd7 Qb6 31. Rd6 Qb2 32. Bd7 Qa2 33. Qg4 Rb1+ 34. Rd1
Rxd1+ 35. Qxd1 Qe2 36. Qb1 Qd3 37. Qb8+ Kh7 38. Bc6 Qf1+ 39. Kh2 Qxf2+ 0-1

[Event "European Blitz 2022"]
[Site "Katowice POL"]
[Date "2022.12.16"]
[Round "6.80"]
[White "Szpar, Milosz"]
[Black "Szczurek, Krzysztof"]
[Result "1-0"]
[WhiteTitle "IM"]
[BlackTitle "FM"]
[WhiteElo "2428"]
[BlackElo "2163"]
[WhiteFideId "1184989"]
[BlackFideId "1185489"]
[EventDate "2022.12.16"]

1. e4 c5 2. Nf3 d6 3. c3 Nf6 4. h3 Nc6 5. Bd3 e5 6. Bc2 Be7 7. d4 cxd4 8. cxd4
O-O 9. d5 Nb4 10. O-O Nxc2 11. Qxc2 Nh5 12. Nc3 f5 13. exf5 Bxf5 14. Qe2 Nf6 15.
Be3 Ne4 16. Nd2 Nxc3 17. bxc3 Rf6 18. Kh2 Rg6 19. g4 Bd7 20. Ne4 Qa5 21. c4 b5
22. c5 dxc5 23. Bxc5 Qd8 24. Rac1 Bxc5 25. Rxc5 Qh4 26. f3 h5 27. Qf2 Qe7 28.
Rc7 hxg4 29. fxg4 Rd8 30. Rxa7 Qe8 31. Qh4 Rh6 32. Qg5 Rg6 33. Qe3 b4 34. Qc5
Bb5 35. Rff7 Bd3 36. Ng3 Rc8 37. Rfc7 Rxc7 38. Rxc7 Qb5 39. Rc8+ Kh7 40. Qf8 1-0

[Event "European Blitz 2022"]
[Site "Katowice POL"]
[Date "2022.12.16"]
[Round "6.81"]
[White "Stefanova, Antoaneta"]
[Black "Hasterok, Mateusz"]
[Result "1/2-1/2"]
[WhiteTitle "GM"]
[WhiteElo "2442"]
[BlackElo "2162"]
[WhiteFideId "2902257"]
[BlackFideId "21822352"]
[EventDate "2022.12.16"]

1. d4 Nf6 2. Nf3 d5 3. Bf4 c5 4. e3 Nc6 5. Nbd2 e6 6. c3 Nh5 7. Bg5 Qb6 8. Rb1
h6 9. Bh4 g5 10. Ne5 Nxe5 11. dxe5 Ng7 12. Bg3 Nf5 13. e4 Nxg3 14. hxg3 Bg7 15.
exd5 exd5 16. f4 Bf5 17. Qa4+ Kf8 18. Rd1 Qxb2 19. Qb3 Qxb3 20. Nxb3 b6 21. Rxd5
Be6 22. Rd2 f6 23. Ba6 fxe5 24. fxe5 Kg8 25. O-O h5 26. Re1 h4 27. Rd6 Re8 28.
Rxe6 Rxe6 29. Bc4 Kf7 30. Nd2 b5 31. Bxe6+ Kxe6 32. Nf3 hxg3 33. Nxg5+ Ke7 34.
Ne4 Rc8 35. Nxg3 Ke6 36. Ne2 Bxe5 37. Kf2 Kd5 38. Rh1 a5 39. Rh4 Rg8 40. a3 a4
41. g3 Rg5 42. Kf3 Rf5+ 43. Ke3 Rf1 44. Rh5 Ra1 45. Nf4+ Kd6 46. Rh6+ Kd7 47.
Nd3 Bxc3 48. Nxc5+ Ke7 49. Re6+ Kf7 50. Rb6 Rxa3 51. Rxb5 Be5+ 52. Ke4 Bxg3 53.
Ra5 Bf2 54. Nxa4 Be1 55. Rf5+ Kg6 56. Nc5 Ra5 57. Rd5 Rb5 58. Rd6+ Kf7 59. Nd3
Bg3 60. Ra6 Rb1 61. Nc5 Re1+ 62. Kf3 Bh4 63. Ne4 Rb1 64. Kg4 Be7 65. Kf5 Rf1+
66. Ke5 Re1 67. Ra7 Re2 68. Kf4 Re1 69. Ke5 Re2 70. Kf5 Re1 71. Nd6+ Kf8 72.
Ra8+ Kg7 73. Ne4 Bb4 74. Rb8 Ba3 75. Rb7+ Kf8 76. Rb3 1/2-1/2

[Event "European Blitz 2022"]
[Site "Katowice POL"]
[Date "2022.12.16"]
[Round "6.82"]
[White "Janeczko, Jakub"]
[Black "Gaehwiler, Gabriel"]
[Result "0-1"]
[BlackTitle "IM"]
[WhiteElo "2247"]
[BlackElo "2408"]
[WhiteFideId "21871655"]
[BlackFideId "1314530"]
[EventDate "2022.12.16"]

1. e4 c5 2. d3 Nc6 3. g3 g6 4. Bg2 Bg7 5. f4 b6 6. Nf3 Bb7 7. O-O h5 8. c3 Nh6
9. Na3 d5 10. exd5 Qxd5 11. Ne5 Qe6 12. Re1 Bxe5 13. fxe5 O-O-O 14. Nb5 h4 15.
Bxc6 Bxc6 16. Nxa7+ Kb7 17. Nxc6 Qxc6 18. Re4 Qxe4 0-1